Recent advances in molecular biology and cytogenetics (Record no. 24741)
[ view plain ]
| 000 -LEADER | |
|---|---|
| fixed length control field | 00360nam a2200133Ia 4500 |
| 082 ## - DEWEY DECIMAL CLASSIFICATION NUMBER | |
| Classification number | 577.2+575 |
| Item number | KUM;1 |
| 100 ## - MAIN ENTRY--AUTHOR NAME | |
| Personal name | Kumar, H D |
| 245 #0 - TITLE STATEMENT | |
| Title | Recent advances in molecular biology and cytogenetics |
| 260 ## - PUBLICATION, DISTRIBUTION, ETC. (IMPRINT) | |
| Place of publication | Ludhiana |
| Name of publisher | Kalyani |
| Year of publication | 1976 |
| 650 ## - SUBJECT ADDED ENTRY--TOPICAL TERM | |
| Topical Term | Cytogenetics |
| 650 ## - SUBJECT ADDED ENTRY--TOPICAL TERM | |
| Topical Term | Molecular biology |
| 942 ## - ADDED ENTRY ELEMENTS (KOHA) | |
| Koha item type | Books |
| Withdrawn status | Lost status | Damaged status | Not for loan | Home library | Current library | Date acquired | Full call number | Accession Number | Koha item type |
|---|---|---|---|---|---|---|---|---|---|
| RRII Library | RRII Library | 16/12/2021 | 577.2+575 KUM;1 | 05413 | Books |